US-Bundesstaaten - Alphabetisch - Statistiken

Allgemein
  • Dieses Quiz wurde 210 mal gespielt
  • Das Durchschnittsergebnis liegt bei 19 aus 50
Antwortstatistiken
Antwort % Korrekt
Alabama
97%
Alaska
87%
Arkansas
76%
Arizona
75%
Delaware
63%
Florida
62%
Connecticut
61%
Georgia
60%
Colorado
59%
Hawaii
57%
Idaho
57%
Iowa
57%
Illinois
56%
Indiana
56%
Kansas
54%
Kentucky
48%
Kalifornien
43%
Maine
33%
Massachusetts
29%
Montana
29%
Nevada
28%
Maryland
27%
Michigan
26%
Mississippi
26%
Missouri
26%
Nebraska
26%
New Jersey
26%
New York
26%
Minnesota
25%
New Hampshire
25%
North Carolina
25%
Washington
25%
West Virginia
25%
Wyoming
25%
New Mexico
24%
North Dakota
24%
Ohio
24%
Oregon
24%
Pennsylvania
24%
South Dakota
23%
Utah
23%
Vermont
23%
Virginia
23%
South Carolina
22%
Wisconsin
22%
Oklahoma
21%
Rhode Island
21%
Tennessee
21%
Texas
21%
Louisana
13%
Keine übereinstimmenden Quizze gefunden
Verteilung der Resultate
Anzahl Personen mit jedem Resultat
Perzentil nach korrekt beantworteten Fragen
Ihre Resultats-Entwicklung
Sie haben dieses Quiz noch nicht gespielt